Most Populous US Capitals per Letter Minefield Quiz Stats

 Plays Quiz Updated Jul 26, 2017

Support Sporcle.
Go Orange.
Score 0/17 Timer 07:00
5 Plays Today
Letter Capital % Correct
A???
68.3%
B???
66.7%
D???
52.7%
P???
48.9%
I???
48.6%
S???
47.6%
C???
41.2%
H???
40.3%
O???
35.8%
Letter Capital % Correct
J???
33.4%
N???
30.6%
F???
30.2%
T???
29.6%
R???
28%
L???
18.4%
M???
18%
*MINE*???
11.4%

You're not logged in!

Compare scores with friends on all Sporcle quizzes.
OR
Log In
Forgot?

From the Vault

Obscure Knowledge - MLB Teams

by PenguinsMeercats

Even if you've read 'Jude the Obscure', it probably won't help you too much here.
Remove Ads.
Support Sporcle.
Get the best of Sporcle when you Go Orange. This ad-free experience offers more features, more stats, and more fun while also helping to support Sporcle. Thank you for becoming a member.

Show Comments

Extras

Top Quizzes Today


Score Distribution

Your Account Isn't Verified!

In order to create a playlist on Sporcle, you need to verify the email address you used during registration. Go to your Sporcle Settings to finish the process.

Report this User

Report this user for behavior that violates our Community Guidelines.

Details: